000 00469nam a2200193Ia 4500
003 OSt
005 20221005125549.0
006 a|||||r|||| 00| 0
007 ta
008 221004b |||||||| |||| 00| 0 eng d
024 _a112432
037 _cTextual
040 _aCRL
_cCRL
_beng
041 _2eng
_aeng
100 _aCampbell Frank
_9636832
245 0 _aPhysiology of Insect Development
942 _cTEXL
_2cc
999 _c1054370
_d1054370